Discurso inaugural que al empezar las lecciones clínicas el día primero de diciembre del año 1826 / (Record no. 53259)

MARC details
000 -LEADER
campo de control de longitud fija 00943nam a2200229 i 4500
001 - NÚMERO DE CONTROL
campo de control 53259
003 - IDENTIFICADOR DE NÚMERO DE CONTROL
campo de control ES-MaACL
005 - FECHA Y HORA DE LA ÚLTIMA TRANSACCIÓN
campo de control 20250806054527.0
007 - CAMPO FIJO DE DESCRIPCIÓN FÍSICA--INFORMACIÓN GENERAL
campo de control de longitud fija t|
008 - DATOS DE LONGITUD FIJA--INFORMACIÓN GENERAL
campo de control de longitud fija 950912s1827 sp ||||1| spa d
040 ## - FUENTE DE CATALOGACIÓN
Centro catalogador/agencia de origen CAM
Lengua de catalogación spa
Centro/agencia transcriptor CAM
100 1# - ENTRADA PRINCIPAL--NOMBRE DE PERSONA
Nombre de persona Durán, Raimundo.
9 (RLIN) 46201
245 10 - MENCIÓN DEL TÍTULO
Título Discurso inaugural que al empezar las lecciones clínicas el día primero de diciembre del año 1826 /
Mención de responsabilidad, etc. dijo... Raimundo Durán.
260 ## - PUBLICACIÓN, DISTRIBUCIÓN, ETC.
Lugar de publicación, distribución, etc. Barcelona :
Nombre del editor, distribuidor, etc. por José Torner,
Fecha de publicación, distribución, etc. 1827.
300 ## - DESCRIPCIÓN FÍSICA
Extensión 22 p. ;
Dimensiones 21 cm.
530 ## - NOTA DISPONIBLE DE FORMULARIO FÍSICO ADICIONAL
Nota de formato físico adicional disponible Disponible en formato digital.
597 ## - NOTA DE DESCRIPCIÓN FÍSICA
NOTA DE DESCRIPCIÓN FÍSICA Adorno tipográfico en portada.
650 #7 - PUNTO DE ACCESO ADICIONAL DE MATERIA--TÉRMINO DE MATERIA
Término de materia o nombre geográfico como elemento de entrada Medicina-
Subdivisión geográfica España-
Subdivisión cronológica S.XIX
Fuente del encabezamiento o término
9 (RLIN) 147760
852 ## - LOCALIZACIÓN
Ubicación ES-MaACL
Número de control de estantería T-423-F-11
Nota libre .- Des. ms. de José Veleta Sancho a la Biblioteca de "Los Escolares Médicos"
-- .- Firma ms. de Gustavo Saenz Diez
856 ## - LOCALIZACIÓN Y ACCESO ELECTRÓNICOS
Identificador Uniforme de Recursos <a href="http://bdh-rd.bne.es/viewer.vm?id=0000072456&page=1 ">http://bdh-rd.bne.es/viewer.vm?id=0000072456&page=1 </a>
Nota pública Biblioteca Digital Hispánica
Holdings
Estatus retirado Estado de pérdida Estado de daño No para préstamo Colección Biblioteca de origen Biblioteca actual Ubicación en estantería Fecha de adquisición Fuente de adquisición Total de préstamos Signatura topográfica completa Código de barras Visto por última vez Precio de reemplazo Tipo de ítem Koha
        Colección de folletos Biblioteca del Ateneo de Madrid Biblioteca del Ateneo de Madrid Depósito folletos 17/01/2008     T-423-F-11 1055962 23/02/2023 23/02/2023 Folleto